| 000 | 00545nam a2200169 i 4500 | ||
|---|---|---|---|
| 001 | 61202 | ||
| 003 | ES-MaACL | ||
| 005 | 20230906164410.0 | ||
| 007 | t| | ||
| 008 | 031111s1982 sp ||||1| spa d | ||
| 110 | 2 |
_aCataluña. _92505 |
|
| 240 | 1 | 0 | _aEstatuto de Autonomía, 1979 |
| 245 | 1 | 0 |
_aEstatuto de Autonomía de Cataluña _b: [ley orgánica 4/1979, de 18 de diciembre]. |
| 260 |
_a[Madrid : _bPresidencia del Gobierno, Servicio Central de Publicaciones, _c1982] |
||
| 300 |
_a28 p. ; _c21 cm. |
||
| 852 |
_aES-MaACL _j2127-F-25 _bR.106051 |
||
| 999 |
_c61202 _d61202 |
||